|
|
|
|
| LEADER |
00000cam a2200000 c 4500 |
| 001 |
22947604X |
| 003 |
DE-627 |
| 005 |
20220512113902.0 |
| 007 |
tu |
| 008 |
970613s1996 sp ||||| 00| ||spa c |
| 020 |
|
|
|a 8480023597
|9 84-8002-359-7
|
| 035 |
|
|
|a (DE-627)22947604X
|
| 035 |
|
|
|a (DE-576)063026600
|
| 035 |
|
|
|a (DE-599)GBV22947604X
|
| 035 |
|
|
|a (OCoLC)832895002
|
| 035 |
|
|
|a (OCoLC)36728774
|
| 040 |
|
|
|a DE-627
|b ger
|c DE-627
|e rakwb
|
| 041 |
|
|
|a spa
|
| 044 |
|
|
|c XA-ES
|
| 050 |
|
0 |
|a HV6250.3.S82
|
| 245 |
0 |
0 |
|a Delincuencia y víctimas
|b (encuestas de victimización en Málaga)
|c J.L. Díez Ripollés ..
|
| 264 |
|
1 |
|a Valencia
|b Tirant lo Blanch
|b Instituto Andaluz Interuniversitario de Criminología
|c 1996
|
| 300 |
|
|
|a 223 S
|c 22 cm
|
| 336 |
|
|
|a Text
|b txt
|2 rdacontent
|
| 337 |
|
|
|a ohne Hilfsmittel zu benutzen
|b n
|2 rdamedia
|
| 338 |
|
|
|a Band
|b nc
|2 rdacarrier
|
| 500 |
|
|
|a Literaturverz. S. [175] - 177
|
| 583 |
1 |
|
|a Archivierung prüfen
|c 20200919
|f DE-640
|z 2
|2 pdager
|
| 653 |
|
0 |
|a Victims of crimes
|a Spain
|a Málaga (Province)
|a Statistics
|
| 653 |
|
0 |
|a Victims of crimes surveys
|a Spain
|a Málaga (Province)
|
| 653 |
|
0 |
|a Criminal statistics
|a Spain
|a Málaga (Province)
|
| 700 |
1 |
|
|a Díez Ripollés, José Luis
|d 1951-
|0 (DE-588)1056219866
|0 (DE-627)794503055
|0 (DE-576)412672758
|4 oth
|
| 710 |
2 |
|
|a Instituto Andaluz Interuniversitario de Criminología
|g Sevilla
|0 (DE-588)5268952-9
|0 (DE-627)240322266
|0 (DE-576)196735653
|4 oth
|
| 935 |
|
|
|i Blocktest
|
| 951 |
|
|
|a BO
|
| ELC |
|
|
|b 1
|
| LOK |
|
|
|0 000 xxxxxcx a22 zn 4500
|
| LOK |
|
|
|0 001 3222318077
|
| LOK |
|
|
|0 003 DE-627
|
| LOK |
|
|
|0 004 22947604X
|
| LOK |
|
|
|0 005 19980312000000
|
| LOK |
|
|
|0 008 971209||||||||||||||||ger|||||||
|
| LOK |
|
|
|0 040
|a DE-21
|c DE-627
|d DE-21
|
| LOK |
|
|
|0 852
|a DE-21
|
| LOK |
|
|
|0 852 1
|c KB 19 A 6222
|9 00
|
| LOK |
|
|
|0 935
|a krim
|
| LOK |
|
|
|0 936ln
|a k6.3.5
|
| LOK |
|
|
|0 939
|a 09-12-97
|b l01
|
| ORI |
|
|
|a SA-MARC-krimdoka001.raw
|
| SIG |
|
|
|a UB: KB 19 A 6222
|